Sexual Orientation and Gender Identity Discrimination (Record no. 90662)

MARC details
000 -LEADER
fixed length control field 01291nam a2200229Ia 4500
000 - LEADER
fixed length control field 01560naaa 00253uu
001 - CONTROL NUMBER
control field https://directory.doabooks.org/handle/20.500.12854/32201
005 - DATE AND TIME OF LATEST TRANSACTION
control field 20260218110000.0
008 - FIXED-LENGTH DATA ELEMENTS--GENERAL INFORMATION
fixed length control field 211013s9999 xx 000 0 und d
024 ## - OTHER STANDARD IDENTIFIER
Standard number or code 10.1163/9789004345492
042 ## - AUTHENTICATION CODE
Authentication code dc
245 #0 - TITLE STATEMENT
Title Sexual Orientation and Gender Identity Discrimination
260 ## - PUBLICATION, DISTRIBUTION, ETC.
Name of publisher, distributor, etc. Brill
Date of publication, distribution, etc. 2018
300 ## - PHYSICAL DESCRIPTION
Extent 1 electronic resource (66 p.)
520 ## - SUMMARY, ETC.
Summary, etc. In Sexual Orientation and Gender Identity Discrimination Holning Lau offers an incisive review of the conceptual questions that arise as legal systems around the world grapple with whether and how to protect people against sexual orientation and gender identity discrimination. Readership: All interested in LGBT rights (i.e., SOGI rights). This audience ranges from students to seasoned LGBT rights experts who specialize in a particular country/region and are seeking to learn about other parts of the world.
540 ## - TERMS GOVERNING USE AND REPRODUCTION NOTE
Terms governing use and reproduction Creative Commons
653 ## - INDEX TERM--UNCONTROLLED
Uncontrolled term International law
700 1# - ADDED ENTRY--PERSONAL NAME
Personal name Lau, Holning
856 ## - ELECTRONIC LOCATION AND ACCESS
Uniform Resource Identifier <a href="https://docs.google.com/spreadsheets/d/1yKIrdCPDAG_9c22mwoOIO2DOhtj65Wqa/edit?usp=sharing&ouid=106555315294820607512&rtpof=true&sd=true ">https://docs.google.com/spreadsheets/d/1yKIrdCPDAG_9c22mwoOIO2DOhtj65Wqa/edit?usp=sharing&ouid=106555315294820607512&rtpof=true&sd=true </a>
Link text List of Curated E-Books
942 ## - ADDED ENTRY ELEMENTS (KOHA)
Koha item type E-Book

No items available.

University of Rizal System
Email us at univlibservices@urs.edu.ph

Visit our Website www.urs.edu.ph/library